| 000 | 00800nam a22002537a 4500 | ||
|---|---|---|---|
| 001 | 00260 | ||
| 003 | DO-SdBNP | ||
| 005 | 20180125104011.0 | ||
| 008 | 151216b 1977 mx xxu||||| |||| 00| 0 spa d | ||
| 040 |
_aBPMSU _bspa _cBPMSU |
||
| 092 |
_axxxxx _bxxxxx |
||
| 100 | 1 |
_aLópez Portillo y Pacheco, José, _d1920-2004. |
|
| 245 | 1 | 0 |
_aDon Q : _bconversaciones sobre la yoeidad y otras trascendentalidades / _cJosé López Portillo y Pacheco. |
| 250 | _a3a ed. | ||
| 260 |
_aMéxico : _bLibrería de M. Porrúa, _c1977. |
||
| 300 |
_a189 p. ; _c19 cm. |
||
| 490 | 1 |
_aBiblioteca mexicana _v39 |
|
| 830 | 0 |
_aBiblioteca mexicana _n39 |
|
| 910 | _a00260 | ||
| 942 |
_2ddc _cBK |
||
| 945 | _aInventariado, 2018 / BT | ||
| 956 |
_aLorenza Pérez _b10 |
||
| 956 |
_aBTAVAREZ _b10 _d20180125 _fBPMSU _h0038 |
||
| 999 |
_c9125 _d9125 |
||